[Event "Junior Speed Final"]
[Site "Chess.com INT"]
[Date "2021.07.05"]
[Round "1.35"]
[White "Smirnov, Anton"]
[Black "Tabatabaei, Mohammad Amin"]
[Result "0-1"]
[WhiteElo "2600"]
[BlackElo "2613"]
[PlyCount "130"]
[EventDate "2021.07.01"]
[EventType "k.o. (blitz)"]
[EventRounds "4"]
[EventCountry "USA"]
[SourceTitle "CBM 203 Extra"]
[Source "ChessBase"]
[SourceDate "2021.09.30"]
[SourceVersion "1"]
[SourceVersionDate "2021.09.30"]
[SourceQuality "1"]

1. e4 d5 2. exd5 Qxd5 3. Nc3 Qd6 4. d4 Nf6 5. Nf3 c6 6. Bc4 Bg4 7. Be3 e6 8. h3 Bxf3 9. Qxf3 Nbd7 10. 0-0-0 Be7 11. Rhe1 h5 12. Bf4 Qb4 13. Bb3 0-0-0 14. a3 Qa5 15. g4 hxg4 16. hxg4 Nb6 17. Be5 Rhf8 18. Kb1 Ne8 19. Bg3 Bd6 20. Ne4 Bxg3 21. Qxg3 Nd5 22. Rh1 Qc7 23. Qf3 Nef6 24. Bxd5 Nxd5 25. Rh7 Rg8 26. g5 Qf4 27. Qe2 Ne7 28. Rh3 Nf5 29. Rhd3 Nd6 30. Nxd6+ Qxd6 31. Qf3 Rd7 32. Qe4 Qd5 33. f3 Qxg5 34. Rb3 Rgd8 35. Rbd3 g6 36. Qe2 Qf5 37. R3d2 a6 38. Rd3 Rd5 39. Qe3 g5 40. Rg1 Qf4 41. Qf2 Rxd4 42. Rg4 Rxd3 43. Rxf4 Rd1+ 44. Ka2 gxf4 45. Qh4 R1d2 46. Qxf4 Rxc2 47. Qxf7 Re2 48. f4 Rdd2 49. Qf8+ Kc7 50. Qe7+ Kb6 51. Qb4+ Kc7 52. Qe7+ Rd7 53. Qf8 a5 54. Qc5 Rdd2 55. Qxa5+ Kb8 56. Ka1 Kc8 57. Qa8+ Kc7 58. Qa5+ Kd7 59. f5 Rxb2 60. fxe6+ Kxe6 61. Qg5 Rbd2 62. Qg6+ Kd5 63. Qf7+ Kd6 64. Qf6+ Kc7 65. Qf4+ Kb6 0-1

[Event "Doeberl Cup 58th"]
[Site "Canberra"]
[Date "2021.04.04"]
[Round "8"]
[White "Smirnov, Anton"]
[Black "Cheng, Bobby Sky"]
[Result "1/2-1/2"]
[WhiteElo "2602"]
[BlackElo "2539"]
[PlyCount "83"]
[EventDate "2021.04.01"]
[EventType "swiss"]
[EventRounds "9"]
[EventCountry "AUS"]
[SourceTitle "EXT 2023"]
[Source "ChessBase"]
[SourceDate "2022.10.05"]
[SourceVersion "1"]
[SourceVersionDate "2022.10.05"]
[SourceQuality "1"]

1. e4 e6 2. d4 d5 3. Nc3 Nf6 4. e5 Nfd7 5. Nce2 c5 6. c3 Nc6 7. f4 Be7 8. Nf3 0-0 9. Be3 f6 10. g3 Qb6 11. Bh3 cxd4 12. Bxd4 Nxd4 13. Nexd4 fxe5 14. fxe5 Qxb2 15. Bxe6+ Kh8 16. 0-0 Qxc3 17. Qb3 Qxb3 18. axb3 Nc5 19. Ng5 Rxf1+ 20. Rxf1 Bxe6 21. Ngxe6 Nxe6 22. Nxe6 Kg8 23. Rd1 d4 24. Kg2 Re8 25. Nf4 Bg5 26. Nd3 Rf8 27. Ra1 a6 28. Ra4 Be3 29. Rc4 h5 30. h4 g5 31. hxg5 Kg7 32. e6 Bxg5 33. Rc7+ Kf6 34. Nc5 Rg8 35. Rxb7 d3 36. Nxd3 Kxe6 37. Rb6+ Kf5 38. Rxa6 Bh4 39. Ra5+ Kf6 40. Ra6+ Kf5 41. Kh3 Rxg3+ 42. Kxh4 1/2-1/2